| Поле | Название | Значение |
| |
Тип записи |
a |
| |
Библиографический уровень |
c |
| 001 |
Контрольный номер |
f2d8fd0158dc40a3b5b560c4bfd2b7a6 |
| 005 |
Дата корректировки |
20231215113318.8 |
| 010 |
Индекс ISBN |
__ |
| a |
ISBN |
978-5-699-88921-1 |
| b |
Уточнения |
в пер. |
| 9 |
Тираж |
5000 экз. |
| d |
Цена |
100-00 |
| 100 |
Данные общей обработки |
__ |
| a |
Данные общей обработки |
20230414d2016 m y0rusy028902 ca |
| 101 |
Язык документа |
0_ |
| a |
Язык текста |
rus |
| 102 |
Страна публикации |
__ |
| a |
Страна публикации |
RU |
| 105 |
Кодированные данные (монография) |
__ |
| a |
Кодированные данные (монография) |
y z 000gy |
| 181 |
Поле кодированных данных: вид содержания |
_0 |
| a |
Код вида содержания (ISBD) |
i |
| 182 |
Поле кодированных данных: тип средства |
_0 |
| a |
Код типа средства (ISBD) |
n |
| 200 |
Заглавие и сведения об ответственности |
1_ |
| a |
Заглавие |
Сто стихотворений о России |
| f |
Первые сведения об ответственности |
ответственный редактор Н. Розман |
| 203 |
Вид содержания и тип средства |
__ |
| a |
Вид содержания |
Текст |
| c |
Тип средства |
непосредственный |
| 210 |
Выходные данные |
1_ |
| a |
Место издания |
Москва |
| c |
Издательство |
Э |
| d |
Дата издания |
2016 |
| 215 |
Физическое описание |
__ |
| a |
Объем |
253, [1] с. |
| d |
Формат |
17 см |
| 225 |
Серия |
2_ |
| a |
Серия |
100 стихотворений |
| 330 |
Аннотация |
__ |
| a |
Аннотация |
Какая она Россия? Родина - мать, защитница и созидательница! В книгу включены лучшие образцы размышлений русских поэтов о своей родине - о России. |
| 333 |
Примечание о целевом назначении |
__ |
| a |
Примечание о целевом назначении |
16+. Для детей старше 16 лет |
| 464 |
Аналитический уровень |
_0 |
| 1 |
|
2001 |
| a |
|
Бородинская годовщина |
| f |
|
Василий Жуковский |
| 1 |
|
700 1 |
| a |
|
Жуковский |
| b |
|
В. А. |
| g |
|
Василий Андреевич |
| 4 |
|
070 |
| 464 |
Аналитический уровень |
_0 |
| 1 |
|
2001 |
| a |
|
Русь |
| f |
|
Иван Никитин |
| 1 |
|
700 1 |
| a |
|
Никитин |
| b |
|
И. С. |
| g |
|
Иван Саввич |
| 4 |
|
070 |
| 464 |
Аналитический уровень |
_0 |
| 1 |
|
2001 |
| a |
|
В альбом К. Ш... |
| f |
|
Яков Полонский |
| 1 |
|
700 1 |
| a |
|
Полонский |
| b |
|
Я. П. |
| g |
|
Яков Петрович |
| 4 |
|
070 |
| 464 |
Аналитический уровень |
_0 |
| 1 |
|
2001 |
| a |
|
Деревня |
| f |
|
Александр Пушкин |
| 1 |
|
700 1 |
| a |
|
Пушкин |
| b |
|
А. С. |
| g |
|
Александр Сергеевич |
| 4 |
|
070 |
| 464 |
Аналитический уровень |
_0 |
| 1 |
|
2001 |
| a |
|
Родина |
| f |
|
Михаил Лермонтов |
| 1 |
|
700 1 |
| a |
|
Лермонтов |
| b |
|
М. Ю. |
| g |
|
Михаил Юрьевич |
| 4 |
|
070 |
| 464 |
Аналитический уровень |
_0 |
| 1 |
|
2001 |
| a |
|
Знамя и Слово |
| f |
|
Федор Тютчев |
| 1 |
|
700 1 |
| a |
|
Тютчев |
| b |
|
Ф. И. |
| g |
|
Федор Иванович |
| 4 |
|
070 |
| 464 |
Аналитический уровень |
_0 |
| 1 |
|
2001 |
| a |
|
Гимны Родине |
| f |
|
Федор Сологуб |
| 1 |
|
700 1 |
| a |
|
Сологуб |
| b |
|
Ф. К. |
| g |
|
Федор Кузьмич |
| 4 |
|
070 |
| 464 |
Аналитический уровень |
_0 |
| 1 |
|
2001 |
| a |
|
Родина |
| f |
|
Иван Бунин |
| 1 |
|
700 1 |
| a |
|
Бунин |
| b |
|
И. А. |
| g |
|
Иван Алексеевич |
| 4 |
|
070 |
| 464 |
Аналитический уровень |
_0 |
| 1 |
|
2001 |
| a |
|
На поле Куликовом |
| f |
|
Александр Блок |
| 1 |
|
700 1 |
| a |
|
Блок |
| b |
|
А. А. |
| g |
|
Александр Александрович |
| 4 |
|
070 |
| 464 |
Аналитический уровень |
_0 |
| 1 |
|
2001 |
| a |
|
Русь бесприютная |
| f |
|
Сергей Есенин |
| 1 |
|
700 1 |
| a |
|
Есенин |
| b |
|
С. А. |
| g |
|
Сергей Александрович |
| 4 |
|
070 |
| 464 |
Аналитический уровень |
_0 |
| 1 |
|
2001 |
| a |
|
Стихи похвальные России |
| f |
|
Василий Тредиаковский |
| 1 |
|
700 1 |
| a |
|
Тредиаковский |
| b |
|
В. К. |
| g |
|
Василий Кириллович |
| 4 |
|
070 |
| 464 |
Аналитический уровень |
_0 |
| 1 |
|
2001 |
| a |
|
Ода... на взятие Хотина |
| f |
|
Михаил Ломоносов |
| 1 |
|
700 1 |
| a |
|
Ломоносов |
| b |
|
М. В. |
| g |
|
Михаил Васильевич |
| 4 |
|
070 |
| 464 |
Аналитический уровень |
_0 |
| 1 |
|
2001 |
| a |
|
На память |
| f |
|
Петр Вяземский |
| 1 |
|
700 1 |
| a |
|
Вяземский |
| b |
|
П. А. |
| g |
|
Петр Андреевич |
| 4 |
|
070 |
| 464 |
Аналитический уровень |
_0 |
| 1 |
|
2001 |
| a |
|
Ах, тошно мне... |
| f |
|
Кондратий Рылеев |
| 1 |
|
700 1 |
| a |
|
Рылеев |
| b |
|
К. Ф. |
| g |
|
Кондратий Федорович |
| 4 |
|
070 |
| 464 |
Аналитический уровень |
_0 |
| 1 |
|
2001 |
| a |
|
Участь русских поэтов |
| f |
|
Вильгельм Кюхельбекер |
| 1 |
|
700 1 |
| a |
|
Кюхельбекер |
| b |
|
В. К. |
| g |
|
Вильгельм Карлович |
| 4 |
|
070 |
| 464 |
Аналитический уровень |
_0 |
| 1 |
|
2001 |
| a |
|
Тригорское |
| f |
|
Николай Языков |
| 1 |
|
700 1 |
| a |
|
Языков |
| b |
|
Н. М. |
| g |
|
Николай Михайлович |
| 4 |
|
070 |
| 464 |
Аналитический уровень |
_0 |
| 1 |
|
2001 |
| a |
|
На родине |
| f |
|
Николай Некрасов |
| 1 |
|
700 1 |
| a |
|
Некрасов |
| b |
|
Н. А. |
| g |
|
Николай Алексеевич |
| 4 |
|
070 |
| 464 |
Аналитический уровень |
_0 |
| 1 |
|
2001 |
| a |
|
Освобожденная Россия |
| f |
|
Валерий Брюсов |
| 1 |
|
700 1 |
| a |
|
Брюсов |
| b |
|
В. Я. |
| g |
|
Валерий Яковлевич |
| 4 |
|
070 |
| 464 |
Аналитический уровень |
_0 |
| 1 |
|
2001 |
| a |
|
Россия |
| f |
|
Константин Бальмонт |
| 1 |
|
700 1 |
| a |
|
Бальмонт |
| b |
|
К. Б. |
| g |
|
Константин Дмитриевич |
| 4 |
|
070 |
| 464 |
Аналитический уровень |
_0 |
| 1 |
|
2001 |
| a |
|
Родине |
| f |
|
Зинаида Гиппиус |
| 1 |
|
700 1 |
| a |
|
Гиппиус |
| b |
|
З. Н. |
| g |
|
Зинаида Николаевна |
| 4 |
|
070 |
| 464 |
Аналитический уровень |
_0 |
| 1 |
|
2001 |
| a |
|
Россия |
| f |
|
Максимилиан Волошин |
| 1 |
|
700 1 |
| a |
|
Волошин |
| b |
|
М. А. |
| g |
|
Максимилиан Александрович |
| 4 |
|
070 |
| 464 |
Аналитический уровень |
_0 |
| 1 |
|
2001 |
| a |
|
Веселье на Руси |
| f |
|
Андрей Белый |
| 1 |
|
700 1 |
| a |
|
Белый |
| b |
|
А. |
| g |
|
Андрей |
| 4 |
|
070 |
| 464 |
Аналитический уровень |
_0 |
| 1 |
|
2001 |
| a |
|
О, мать моя, Россия, Русь... |
| f |
|
Александр Черный |
| 1 |
|
700 1 |
| a |
|
Черный |
| b |
|
С. |
| g |
|
Саша |
| 4 |
|
070 |
| 464 |
Аналитический уровень |
_0 |
| 1 |
|
2001 |
| a |
|
Не матерью, но тульскою крестьянкой |
| f |
|
Владислав Ходасевич |
| 1 |
|
700 1 |
| a |
|
Ходасевич |
| b |
|
В. Ф. |
| g |
|
Владислав Фелицианович |
| 4 |
|
070 |
| 464 |
Аналитический уровень |
_0 |
| 1 |
|
2001 |
| a |
|
Где вы, порывы кипучие |
| f |
|
Николай Клюев |
| 1 |
|
700 1 |
| a |
|
Клюев |
| b |
|
Н. А. |
| g |
|
Николай Алексеевич |
| 4 |
|
070 |
| 464 |
Аналитический уровень |
_0 |
| 1 |
|
2001 |
| a |
|
Россия забыла напитки |
| f |
|
Велимир Хлебников |
| 1 |
|
700 1 |
| a |
|
Хлебников |
| b |
|
В. |
| g |
|
Велимир |
| 4 |
|
070 |
| 464 |
Аналитический уровень |
_0 |
| 1 |
|
2001 |
| a |
|
Наступление |
| f |
|
Николай Гумилев |
| 1 |
|
700 1 |
| a |
|
Гумилев |
| b |
|
Н. С. |
| g |
|
Николай Степанович |
| 4 |
|
070 |
| 464 |
Аналитический уровень |
_0 |
| 1 |
|
2001 |
| a |
|
Моя Россия |
| f |
|
Игорь Северянин |
| 1 |
|
700 1 |
| a |
|
Северянин |
| b |
|
И. |
| g |
|
Игорь |
| 4 |
|
070 |
| 464 |
Аналитический уровень |
_0 |
| 1 |
|
2001 |
| a |
|
Россия |
| f |
|
Владимир Нарбут |
| 1 |
|
700 1 |
| a |
|
Нарбут |
| b |
|
В. И. |
| g |
|
Владимир Иванович |
| 4 |
|
070 |
| 464 |
Аналитический уровень |
_0 |
| 1 |
|
2001 |
| a |
|
Родная земля |
| f |
|
Анна Ахматова |
| 1 |
|
700 1 |
| a |
|
Ахматова |
| b |
|
А. А. |
| g |
|
Анна Андреевна |
| 4 |
|
070 |
| 464 |
Аналитический уровень |
_0 |
| 1 |
|
2001 |
| a |
|
Дворцовая площадь |
| f |
|
Осип Мандельштам |
| 1 |
|
700 1 |
| a |
|
Мандельштам |
| b |
|
О. Э. |
| g |
|
Осип Эмильевич |
| 4 |
|
070 |
| 464 |
Аналитический уровень |
_0 |
| 1 |
|
2001 |
| a |
|
Тоска по Родине! Давно... |
| f |
|
Марина Цветаева |
| 1 |
|
700 1 |
| a |
|
Цветаева |
| b |
|
М. И. |
| g |
|
Марина Ивановна |
| 4 |
|
070 |
| 464 |
Аналитический уровень |
_0 |
| 1 |
|
2001 |
| a |
|
Россия счастие. Россия свет |
| f |
|
Георгий Иванов |
| 1 |
|
700 1 |
| a |
|
Иванов |
| b |
|
Г. В. |
| g |
|
Георгий Владимирович |
| 4 |
|
070 |
| 464 |
Аналитический уровень |
_0 |
| 1 |
|
2001 |
| a |
|
России |
| f |
|
Владимир Маяковский |
| 1 |
|
700 1 |
| a |
|
Маяковский |
| b |
|
В. В. |
| g |
|
Владимир Владимирович |
| 4 |
|
070 |
| 464 |
Аналитический уровень |
_0 |
| 1 |
|
2001 |
| a |
|
Вечер на Оке |
| f |
|
Николай Заболоцкий |
| 1 |
|
700 1 |
| a |
|
Заболоцкий |
| b |
|
Н. А. |
| g |
|
Николай Алексеевич |
| 4 |
|
070 |
| 464 |
Аналитический уровень |
_0 |
| 1 |
|
2001 |
| a |
|
Привет, Россия |
| f |
|
Николай Рубцов |
| 1 |
|
700 1 |
| a |
|
Рубцов |
| b |
|
Н. М. |
| g |
|
Николай Михайлович |
| 4 |
|
070 |
| 517 |
Другие варианты заглавия |
1_ |
| a |
Другие варианты заглавия |
Сто стихотворений |
| 517 |
Другие варианты заглавия |
1_ |
| a |
Другие варианты заглавия |
100 стихотворений о России |
| 606 |
Тематические рубрики |
__ |
| 2 |
Код системы |
nlr_sh |
| a |
Основная рубрика |
Художественная литература |
| 606 |
Тематические рубрики |
__ |
| 2 |
Код системы |
nlr_sh |
| a |
Основная рубрика |
Русская литература XIX в. (произведения) |
| 606 |
Тематические рубрики |
__ |
| 2 |
Код системы |
nlr_sh |
| a |
Основная рубрика |
Русская литература XX в. (произведения) |
| 610 |
Ключевые слова |
0_ |
| a |
Ключевые слова |
русская литература |
| 610 |
Ключевые слова |
0_ |
| a |
Ключевые слова |
русская классика |
| 610 |
Ключевые слова |
0_ |
| a |
Ключевые слова |
русская классическая литература |
| 610 |
Ключевые слова |
0_ |
| a |
Ключевые слова |
поэзия |
| 610 |
Ключевые слова |
0_ |
| a |
Ключевые слова |
русская поэзия |
| 610 |
Ключевые слова |
0_ |
| a |
Ключевые слова |
лирика |
| 610 |
Ключевые слова |
0_ |
| a |
Ключевые слова |
стихотворения |
| 610 |
Ключевые слова |
0_ |
| a |
Ключевые слова |
тема Родины |
| 610 |
Ключевые слова |
0_ |
| a |
Ключевые слова |
Родина |
| 610 |
Ключевые слова |
0_ |
| a |
Ключевые слова |
стихи о Родине |
| 610 |
Ключевые слова |
0_ |
| a |
Ключевые слова |
стихи о России |
| 610 |
Ключевые слова |
0_ |
| a |
Ключевые слова |
тема патриотизма |
| 610 |
Ключевые слова |
0_ |
| a |
Ключевые слова |
патриотизм |
| 686 |
Индексы других классификаций |
__ |
| 2 |
Код системы |
rubbks |
| a |
Классификационный индекс |
84(2=411.2)-5 |
| 702 |
Вторичная интеллектуальная ответственность |
_1 |
| a |
Фамилия |
Розман |
| b |
Имя |
Н. |
| 4 |
Код отношения |
340 |
| 801 |
Источник записи |
_0 |
| a |
Страна |
RU |
| b |
Организация |
Муниципальное бюджетное учреждение культуры "Централизованная библиотечная система" г. Сургут (Центральная городская библиотека им. А. С. Пушкина) |
| g |
Правила каталогизации |
PSBO |
| c |
Дата составления |
20230414 |
| 801 |
Источник записи |
_1 |
| a |
Страна |
RU |
| b |
Организация |
Муниципальное бюджетное учреждение культуры "Централизованная библиотечная система" г. Сургут (Центральная городская библиотека им. А. С. Пушкина) |
| g |
Правила каталогизации |
PSBO |
| c |
Дата составления |
20230414 |
| 852 |
Данные о местонахождении |
__ |
| i |
Авторский знак |
С 81 |
| j |
Шифр хранения |
84(2=411.2)-5 |
| 900 |
Макрообъекты |
__ |
| a |
Макрообъекты |
Сто стихотворений о России, 2016 |
| 901 |
Тип документа |
__ |
| t |
Тип документа |
x |
| a |
Ответственный |
КиК/Обаева |
| 903 |
Характеристики (МАРС) |
__ |
| c |
Наименование библиотеки (МАРС) |
Муниципальное бюджетное учреждение культуры "Централизованная библиотечная система" г. Сургут (Центральная городская библиотека им. А. С. Пушкина) |
| a |
Дата передачи |
20230414 |
| 990 |
Данные о заказе (DOS) |
__ |
| j |
Количество экземпляров (DOS) |
1 |
| t |
N записи в КСУ для И/У (DOS) |
202305 |